Exposición que el Consejo Provincial de Agricultura, Industria y Comercio de La Coruña, elevó al Excelentísimo Sr. Ministro de Fomento para obtener una subvención con destino al concurso de ganados que el referido Consejo acordó verificar en esta capital en el corriente año de 1891. (Record no. 102841)

MARC details
000 -LEADER
campo de control de longitud fija 01031nam a2200217 i 4500
001 - NÚMERO DE CONTROL
campo de control 102841
003 - IDENTIFICADOR DE NÚMERO DE CONTROL
campo de control ES-MaACL
005 - FECHA Y HORA DE LA ÚLTIMA TRANSACCIÓN
campo de control 20250901221939.0
007 - CAMPO FIJO DE DESCRIPCIÓN FÍSICA--INFORMACIÓN GENERAL
campo de control de longitud fija t|
008 - DATOS DE LONGITUD FIJA--INFORMACIÓN GENERAL
campo de control de longitud fija 140703s1891 sp ||||1| spa d
080 ## - NÚMERO DE LA CLASIFICACIÓN DECIMAL UNIVERSAL
Número de la Clasificación Decimal Universal 636:339.174(460.111 C.)
110 2# - ENTRADA PRINCIPAL--NOMBRE DE ENTIDAD CORPORATIVA
Nombre de entidad corporativa o nombre de jurisdicción como elemento de entrada Consejo Provincial de Agricultura, Industria y Comercio de La Coruña
9 (RLIN) 154900
245 10 - MENCIÓN DEL TÍTULO
Título Exposición que el Consejo Provincial de Agricultura, Industria y Comercio de La Coruña, elevó al Excelentísimo Sr. Ministro de Fomento para obtener una subvención con destino al concurso de ganados que el referido Consejo acordó verificar en esta capital en el corriente año de 1891.
260 ## - PUBLICACIÓN, DISTRIBUCIÓN, ETC.
Lugar de publicación, distribución, etc. [S.l.] :
Nombre del editor, distribuidor, etc. [s.n.],
Fecha de publicación, distribución, etc. 1891 (
Lugar de fabricación/manufactura La Coruña :
Fabricante Imp. de la Papelería de Ferrer)
300 ## - DESCRIPCIÓN FÍSICA
Extensión 24 p. ;
Dimensiones 21 cm.
530 ## - NOTA DISPONIBLE DE FORMULARIO FÍSICO ADICIONAL
Nota de formato físico adicional disponible Disponible en formato digital.
650 #4 - PUNTO DE ACCESO ADICIONAL DE MATERIA--TÉRMINO DE MATERIA
Término de materia o nombre geográfico como elemento de entrada Ferias de ganado-
Subdivisión geográfica La Coruña.
9 (RLIN) 154901
852 ## - LOCALIZACIÓN
Ubicación ES-MaACL
Número de control de estantería T-559-F-14
856 ## - LOCALIZACIÓN Y ACCESO ELECTRÓNICOS
Identificador Uniforme de Recursos <a href="http://bdh-rd.bne.es/viewer.vm?id=0000075496&page=1 ">http://bdh-rd.bne.es/viewer.vm?id=0000075496&page=1 </a>
Nota pública Biblioteca Digital Hispánica
Holdings
Estatus retirado Estado de pérdida Estado de daño No para préstamo Colección Biblioteca de origen Biblioteca actual Ubicación en estantería Fecha de adquisición Fuente de adquisición Total de préstamos Signatura topográfica completa Código de barras Visto por última vez Precio de reemplazo Tipo de ítem Koha
        Colección de folletos Biblioteca del Ateneo de Madrid Biblioteca del Ateneo de Madrid Depósito folletos 17/01/2008     T-559-F-14 1107364 23/02/2023 23/02/2023 Folleto